000 01289nam a22003137i 4500
003 EG-GICUC
005 20260121101508.0
008 251216s1947 sZ ||||fr|||| 00| 0 eng d
040 _aEG-GiCUC
_beng
_cEG-GiCUC
_dEG-GiCUC
_erda
041 _aeng
082 0 4 _221
_a1947
_bGO . R
092 0 4 _221
099 _aLaw1 11 341.65 GO . R 1947
111 2 _aConference of Government Experts for the Study of the Conventions for the Protection of War Victims
_d(1947 :
_cGeneva, Switzerland
245 1 0 _aReport Of The Work Of The Conference Of Government Experts For The Study Of The Conventions For The Protection Of War Victims :
_bGeneva, April 14-26, 1947 /
_cConference Of Government Experts For The Study Of The Conventions For The Protection Of War Victims.
264 1 _aGeneva :
_bInternational Committee of the Red Cross,
_c1947.
300 _a332 pages ;
_c24 cm.
336 _2rda content
_atext
337 _2rda media
_aComputer
338 _2rda carrier
_aOnline Resource
504 _aInclude Bibliographic references
546 _aText in English
650 1 4 _aWar Victims
_2qrmak
651 1 _2qrmak
710 2 _aInternational Committee of the Red Cross
856 4 0 _uhttps://fll.law.cu.edu.eg/fulltext/bks/B11-05077.pdf
905 _a75
942 _2ddc
_cBK
_e21
_n0
999 _c50753
_d50753